| 000 | 02670cam a2200337 4500500 | ||
|---|---|---|---|
| 005 | 20260208005451.0 | ||
| 041 | _afre | ||
| 042 | _adc | ||
| 100 | 1 | 0 |
_aRoullet, Antoine _eauthor |
| 245 | 0 | 0 | _aLe savoir contemplatif : les religieuses et les limites de la connaissance (Espagne, xvie siècle) |
| 260 | _c2013. | ||
| 500 | _a50 | ||
| 520 | _aCet article propose de revenir sur le rapport des religieuses à la culture savante en réévaluant leurs appropriations du savoir théologique. Il s’appuie sur un dépouillement de leurs autobiographies spirituelles et de l’hagiographie des carmélites espagnoles, entre les années 1560 et les années 1630. Il met en évidence quatre postures vis-à-vis du savoir lui-même : l’ignorance feinte, la mise en scène du doute, la préservation du mystère et la mise en œuvre d’une herméneutique du savoir visionnaire. Toutes ces attitudes expliquent les incertitudes et les ambiguïtés qui caractérisent l’écriture des religieuses, que l’historiographie a jusqu’ici justement analysée comme les signes d’une rhétorique défensive féminine, voire féministe, face aux censures masculines et inquisitoriales. Mais le flou savamment entretenu de leur prose dès lors qu’elle traite du mystère participe aussi d’une démarche moins genrée, celle de la construction et de la préservation de la croyance. | ||
| 520 | _aThis paper deals with the use of theological concepts in nun’s writings. It is based on a reading of discalced Carmelites’ manuscript and printed lives and of their spiritual autobiographies, between 1560 and 1630. It argues that the uncertainty of their prose when it comes to theology is not only the mark of a defensive rhetoric of femininity. In the same time, their use of divine knowledge seeks to enlighten the nature of god and to defend and preserve its mysteries. It is consciously ambiguous by nature. Their feigned ignorance, their staged doubts, and the cautious hermeneutics they apply to their visions vouch for it and shows how the controlled use of reason and understanding contribute to create the conditions of belief. | ||
| 690 | _aCarmel | ||
| 690 | _aEspagne | ||
| 690 | _afemmes | ||
| 690 | _amystique | ||
| 690 | _areligieuses | ||
| 690 | _asavoir | ||
| 690 | _axvie-xviie siècles | ||
| 690 | _aCarmel | ||
| 690 | _aknowledge | ||
| 690 | _amysticism | ||
| 690 | _anuns | ||
| 690 | _aSpain | ||
| 690 | _awomen | ||
| 690 | _axvi-xviith | ||
| 786 | 0 | _nRevue historique | 665 | 1 | 2013-05-27 | p. 119-143 | 0035-3264 | |
| 856 | 4 | 1 | _uhttps://shs.cairn.info/revue-historique-2013-1-page-119?lang=fr&redirect-ssocas=7080 |
| 999 |
_c1652298 _d1652298 |
||